000 01063nam a22002777a 4500
005 2010092904584.0
008 100928t xxu||||| |||| 00| 0 hin d
010 _aHIN-90669
020 _c166.00
_a9788182568525
035 _aHN-63015
037 _bDBAD / PUB
040 _aDPL
_bHN
082 _a920
100 _aसेठी, शान्ति
_922145
245 _aसन्त कबीर /
_cशान्ति सेठी
246 _aSant Kabeer
_bby Shanti Sethi
250 _a11वां संस्क.
260 _aपंजाब
_bराधास्वामी सत्संग ब्यास
_c2009
270 _aडेरा बाबा जैमल सिंह
_bपंजाब
_e143204
300 _a344पृ.
_c22सेमी (अजिल्द)
650 _91169
700 _922273
700 _922352
942 _2ddc
_cHN
_h920
_mसेठीशा
999 _c47965
_d47965